[Event "Kottayam op"]
[Site "Kottayam"]
[Date "2025.05.01"]
[Round "2"]
[White "Nambiar, Vivek"]
[Black "Savchenko, Boris"]
[Result "0-1"]
[WhiteElo "1908"]
[BlackElo "2459"]
[PlyCount "66"]
[EventDate "2025.04.30"]
[EventType "swiss"]
[EventRounds "10"]
[EventCountry "IND"]
[SourceTitle "CB19_2025"]
[SourceDate "2025.05.07"]
[SourceVersion "1"]
[SourceVersionDate "2025.05.07"]
[SourceQuality "1"]

1. e4 Nf6 2. Nc3 e5 3. f4 d5 4. fxe5 Nxe4 5. Qf3 Nc6 6. Bb5 Nxc3 7. dxc3 a6 8. Bxc6+ bxc6 9. Ne2 Qh4+ 10. g3 Qg4 11. Rf1 Qxf3 12. Rxf3 Bg4 13. Rf4 h5 14. Be3 g6 15. Rf6 Bd7 16. Bd4 c5 17. e6 fxe6 18. Rxe6+ Bxe6 19. Bxh8 Kf7 20. Nf4 Bd6 21. Nxe6 Kxe6 22. Bg7 g5 23. b4 cxb4 24. cxb4 Bxb4+ 25. c3 Bd6 26. Bd4 Rb8 27. Kf1 Rb2 28. Kg1 c5 29. Be3 Rc2 30. Bxg5 Be5 31. Re1 Kf5 32. Bf4 Bxf4 33. Rf1 Rc1 0-1

[Event "Titled Tuesday intern op 06th Dec Early"]
[Site "Chess.com INT"]
[Date "2022.12.06"]
[Round "6"]
[White "Grot, Blazej"]
[Black "Nambiar, Vivek"]
[Result "1-0"]
[WhiteElo "1844"]
[BlackElo "1969"]
[PlyCount "127"]
[EventDate "2022.12.06"]
[EventType "swiss (blitz)"]
[EventRounds "11"]
[EventCountry "USA"]
[SourceTitle "CBM 211 Extra"]
[Source "ChessBase"]
[SourceDate "2023.01.31"]
[SourceVersion "1"]
[SourceVersionDate "2023.01.31"]
[SourceQuality "1"]

1. e4 e6 2. d3 c5 3. Nd2 Nc6 4. Ngf3 g6 5. Be2 Bg7 6. c3 Nge7 7. 0-0 0-0 8. Qc2 d5 9. Re1 d4 10. Nf1 e5 11. h4 f5 12. exf5 gxf5 13. h5 Nd5 14. Bg5 Qe8 15. h6 Bf6 16. Qb3 Be6 17. Qxb7 Rb8 18. Qa6 Rb6 19. Qa4 Qg6 20. Bxf6 Rxf6 21. c4 Nf4 22. Ng3 e4 23. dxe4 fxe4 24. Nh4 Qxh6 25. Nxe4 Qxh4 26. Nxf6+ Qxf6 27. Bf3 Bd7 28. Qa3 Ne5 29. Qxa7 Nxf3+ 30. Kf1 Nxe1 31. Rxe1 Be6 32. b3 Bf7 33. Qa8+ Kg7 34. Qf3 Bh5 35. Qg3+ Kh6 36. Re4 Be2+ 37. Kg1 d3 38. Rxf4 Qa1+ 39. Kh2 Rg6 40. Rh4+ Kg7 41. Qc7+ Kg8 42. Qxh7+ Kf8 43. Rh6 Qe5+ 44. g3 Rxh6+ 45. Qxh6+ Qg7 46. Qd6+ Qe7 47. Qh6+ Kg8 48. Qg6+ Qg7 49. Qe8+ Kh7 50. Qe4+ Qg6 51. Qe7+ Kh6 52. Qe3+ Qg5 53. Qe6+ Kh5 54. Qh3+ Kg6 55. Qe6+ Qf6 56. Qe4+ Qf5 57. Qe8+ Kg5 58. Qg8+ Kf6 59. Qf8+ Ke5 60. Qxc5+ Ke4 61. Qc6+ Kd4 62. Qd6+ Kc3 63. Qa3 Qh5+ 64. Kg1 1-0

[Event "Titled Tuesday intern op 06th Dec Early"]
[Site "Chess.com INT"]
[Date "2022.12.06"]
[Round "3"]
[White "Rosenberg, Evan"]
[Black "Nambiar, Vivek"]
[Result "0-1"]
[WhiteElo "1938"]
[BlackElo "1969"]
[PlyCount "74"]
[EventDate "2022.12.06"]
[EventType "swiss (blitz)"]
[EventRounds "11"]
[EventCountry "USA"]
[SourceTitle "CBM 211 Extra"]
[Source "ChessBase"]
[SourceDate "2023.01.31"]
[SourceVersion "1"]
[SourceVersionDate "2023.01.31"]
[SourceQuality "1"]

1. d4 d5 2. Nf3 Nf6 3. c3 c5 4. dxc5 Na6 5. b4 b6 6. Qa4+ Qd7 7. c6 Qd6 8. g3 Nc7 9. Bf4 Qd8 10. Na3 e6 11. Ne5 Bd6 12. Nb5 Nxb5 13. Qxb5 0-0 14. Bg2 a6 15. Qd3 Nh5 16. a3 f6 17. Nf3 Bxf4 18. gxf4 Nxf4 19. Qd4 e5 20. Nxe5 fxe5 21. Qxe5 Nxg2+ 22. Kf1 Bh3 23. Kg1 Rf5 24. Qg3 Rg5 25. Qxh3 Ne3+ 26. Qg3 Rxg3+ 27. hxg3 Ng4 28. Rd1 Rc8 29. Rd4 Nf6 30. g4 Rxc6 31. g5 Ne4 32. g6 hxg6 33. f3 Qg5+ 34. Kf1 Ng3+ 35. Kg2 Nxh1+ 36. Rg4 Qc1 37. Rxg6 Rxg6+ 0-1

[Event "Titled Tuesday intern op 13th Sep Early"]
[Site "Chess.com INT"]
[Date "2022.09.13"]
[Round "11"]
[White "Jimenez, Joaquin Rodrigo"]
[Black "Nambiar, Vivek"]
[Result "1/2-1/2"]
[WhiteElo "2210"]
[BlackElo "1983"]
[PlyCount "105"]
[EventDate "2022.09.13"]
[EventType "swiss (blitz)"]
[EventRounds "11"]
[EventCountry "USA"]
[SourceTitle "EXT 2023"]
[Source "ChessBase"]
[SourceDate "2022.10.05"]
[SourceVersion "1"]
[SourceVersionDate "2022.10.05"]
[SourceQuality "1"]

1. e4 e6 2. d4 d5 3. Nd2 c5 4. exd5 exd5 5. Ngf3 Nc6 6. Bb5 Bd6 7. 0-0 Nge7 8. dxc5 Bxc5 9. Nb3 Bb6 10. c3 0-0 11. Bg5 Bg4 12. Be2 Qd6 13. Bh4 Nf5 14. Bg3 Nxg3 15. hxg3 Qxg3 16. Nfd4 Bxe2 17. Qxe2 Nxd4 18. cxd4 Qf4 19. Rad1 Rfe8 20. Qb5 Rad8 21. Rfe1 Rxe1+ 22. Rxe1 g6 23. g3 Qg4 24. Re8+ Rxe8 25. Qxe8+ Kg7 26. Qe5+ Kg8 27. Qxd5 Qd1+ 28. Kg2 Qc2 29. Qxb7 Qxb2 30. Qb8+ Kg7 31. Qe5+ Kg8 32. Nc5 Bxc5 33. Qxc5 Qxa2 34. d5 Qa4 35. d6 Qe4+ 36. Kh2 Qb7 37. Qc7 Qf3 38. Qxa7 Qh5+ 39. Kg1 Qd1+ 40. Kg2 Qxd6 41. Qa8+ Kg7 42. Qe4 Qf6 43. f4 h5 44. Qb7 Qe6 45. Qb2+ f6 46. Qb7+ Kh6 47. Qb8 Qe2+ 48. Kh3 Qf1+ 49. Kh2 Qf2+ 50. Kh3 Qf1+ 51. Kh2 Qf2+ 52. Kh1 Qf1+ 53. Kh2 1/2-1/2

[Event "Titled Tuesday intern op 30th Aug Early"]
[Site "Chess.com INT"]
[Date "2022.08.30"]
[Round "1"]
[White "Di Nicolantonio, Lucas"]
[Black "Nambiar, Vivek"]
[Result "1-0"]
[WhiteElo "2387"]
[BlackElo "1923"]
[PlyCount "111"]
[EventDate "2022.08.30"]
[EventType "swiss (blitz)"]
[EventRounds "11"]
[EventCountry "USA"]
[SourceTitle "EXT 2023"]
[Source "ChessBase"]
[SourceDate "2022.10.05"]
[SourceVersion "1"]
[SourceVersionDate "2022.10.05"]
[SourceQuality "1"]

1. d4 d5 2. c4 c6 3. Nc3 e5 4. cxd5 cxd5 5. e3 exd4 6. exd4 Nc6 7. Bb5 Nf6 8. Nf3 Be7 9. 0-0 0-0 10. h3 Bf5 11. Re1 Rc8 12. Bg5 h6 13. Bh4 Ne4 14. Bxe7 Nxe7 15. Rc1 Qb6 16. Qb3 a6 17. Qa3 Ng6 18. Ba4 Nf4 19. Rcd1 Qg6 20. Nh4 Nxh3+ 21. Kf1 Qg5 22. Nxf5 Qxf5 23. Nxe4 dxe4 24. Qxh3 Qa5 25. Bb3 Rc6 26. Rxe4 Rf6 27. Kg1 Qb4 28. Qe3 a5 29. Re8 a4 30. Rxf8+ Kxf8 31. Re1 g6 32. Bd5 Qxb2 33. Qe7+ Kg7 34. Bf3 Qxa2 35. Qxb7 a3 36. d5 Qd2 37. Ra1 a2 38. Qb3 Ra6 39. Qc4 Qb2 40. Qf1 Rb6 41. Kh2 Qe5+ 42. g3 h5 43. Rxa2 h4 44. Qa1 hxg3+ 45. fxg3 Qxa1 46. Rxa1 Rb2+ 47. Kh3 Kf6 48. Rd1 Ke7 49. d6+ Kd8 50. Bd5 f5 51. Bf7 Rb6 52. Bxg6 Kd7 53. Bxf5+ Kd8 54. Bg4 Rb4 55. Rf1 Rd4 56. Rf8# 1-0

[Event "Titled Tuesday intern op 30th Aug Early"]
[Site "Chess.com INT"]
[Date "2022.08.30"]
[Round "4"]
[White "Garrido, Denis"]
[Black "Nambiar, Vivek"]
[Result "0-1"]
[WhiteElo "2205"]
[BlackElo "1923"]
[PlyCount "30"]
[EventDate "2022.08.30"]
[EventType "swiss (blitz)"]
[EventRounds "11"]
[EventCountry "USA"]
[SourceTitle "EXT 2023"]
[Source "ChessBase"]
[SourceDate "2022.10.05"]
[SourceVersion "1"]
[SourceVersionDate "2022.10.05"]
[SourceQuality "1"]

1. e4 e6 2. d4 d5 3. e5 c5 4. c3 Nc6 5. Nf3 Nge7 6. Na3 cxd4 7. cxd4 Nf5 8. Nc2 Nb4 9. Nxb4 Bxb4+ 10. Bd2 Qa5 11. Bd3 Bxd2+ 12. Qxd2 Qxd2+ 13. Kxd2 Ne7 14. Rac1 Bd7 15. Rc7 Bc6 0-1

[Event "Titled Tuesday intern op 30th Aug Early"]
[Site "Chess.com INT"]
[Date "2022.08.30"]
[Round "3"]
[White "Nambiar, Vivek"]
[Black "Kaminski, Victor Kazimierz"]
[Result "0-1"]
[WhiteElo "1923"]
[BlackElo "2247"]
[PlyCount "52"]
[EventDate "2022.08.30"]
[EventType "swiss (blitz)"]
[EventRounds "11"]
[EventCountry "USA"]
[SourceTitle "EXT 2023"]
[Source "ChessBase"]
[SourceDate "2022.10.05"]
[SourceVersion "1"]
[SourceVersionDate "2022.10.05"]
[SourceQuality "1"]

1. Nf3 Nf6 2. c4 e6 3. g3 d5 4. Bg2 Be7 5. b3 b6 6. Bb2 Bb7 7. 0-0 0-0 8. d4 Nbd7 9. Nbd2 c5 10. e3 cxd4 11. exd4 dxc4 12. bxc4 Rc8 13. Rc1 h6 14. Qe2 Ba6 15. Ne5 Nxe5 16. dxe5 Nd5 17. Qg4 Ne3 18. fxe3 Qxd2 19. Bd4 Bg5 20. Rfe1 Rxc4 21. Rcd1 Qxa2 22. h4 Rc2 23. Be4 Rh2 24. Rf1 Bxf1 25. Rxf1 Be7 26. Bb1 Qg2# 0-1

[Event "Sitges op 46th"]
[Site "Sitges"]
[Date "2022.07.26"]
[Round "5"]
[White "Gutierrez Palomino, Albert"]
[Black "Nambiar, Vivek"]
[Result "0-1"]
[WhiteElo "2017"]
[BlackElo "1870"]
[PlyCount "76"]
[EventDate "2022.07.22"]
[EventType "swiss"]
[EventRounds "9"]
[EventCountry "ESP"]
[SourceTitle "CBM 209 Extra"]
[Source "ChessBase"]
[SourceDate "2022.09.30"]
[SourceVersion "1"]
[SourceVersionDate "2022.09.30"]
[SourceQuality "1"]

1. c4 e6 2. Nc3 f5 3. g3 Nf6 4. Bg2 Be7 5. d3 d6 6. e4 e5 7. Nge2 0-0 8. 0-0 Nc6 9. h3 Qe8 10. Nd5 Nxd5 11. cxd5 Nd8 12. f4 exf4 13. Nxf4 Bf6 14. Qc2 fxe4 15. dxe4 Bd4+ 16. Kh2 c5 17. dxc6 Nxc6 18. Bd2 Bd7 19. Bc3 Bxc3 20. Qxc3 Rc8 21. Rad1 Rf6 22. Qa3 Ne5 23. Qxa7 Rc2 24. Qa3 Qf7 25. Rxd6 Rxd6 26. Qxd6 Nc4 27. Qb8+ Be8 28. Ne2 Qe7 29. Rf2 Ne5 30. Kg1 Nd3 31. Rf3 Ne1 32. Re3 Nxg2 33. Kxg2 Rxb2 34. a3 h6 35. Kf3 g5 36. Nd4 Kh7 37. Nf5 Qd7 38. Qe5 Qd1+ 0-1

[Event "Sitges op 46th"]
[Site "Sitges"]
[Date "2022.07.24"]
[Round "3"]
[White "Nambiar, Vivek"]
[Black "Ihlen, Sivert"]
[Result "1-0"]
[WhiteElo "1870"]
[BlackElo "2057"]
[PlyCount "103"]
[EventDate "2022.07.22"]
[EventType "swiss"]
[EventRounds "9"]
[EventCountry "ESP"]
[SourceTitle "CBM 209 Extra"]
[Source "ChessBase"]
[SourceDate "2022.09.30"]
[SourceVersion "1"]
[SourceVersionDate "2022.09.30"]
[SourceQuality "1"]

1. Nf3 Nf6 2. c4 e6 3. Nc3 d5 4. d4 c6 5. e3 Nbd7 6. b3 Bb4 7. Bd2 0-0 8. Bd3 Qc7 9. a3 Bd6 10. 0-0 Re8 11. e4 dxe4 12. Nxe4 Nxe4 13. Bxe4 c5 14. Bc3 Nf6 15. Bc2 cxd4 16. Qxd4 e5 17. Qh4 h6 18. Nd2 Bd7 19. b4 b6 20. Rae1 a5 21. Re3 axb4 22. axb4 Ra3 23. Rg3 Kf8 24. Bxe5 Rxg3 25. Bxg3 Re2 26. Qd4 Bxg3 27. hxg3 Bc6 28. Qd3 Qe7 29. b5 Bd7 30. Bd1 Re1 31. Bf3 Rxf1+ 32. Nxf1 Be6 33. Ne3 Qd7 34. Qa3+ Kg8 35. Qa8+ Kh7 36. Nd5 Bxd5 37. Bxd5 Nxd5 38. Qxd5 Qxd5 39. cxd5 Kg6 40. f4 f5 41. Kf2 Kf6 42. g4 g6 43. gxf5 gxf5 44. Kg3 Ke7 45. Kh4 Kd6 46. Kh5 Kxd5 47. Kxh6 Kc5 48. Kg5 Kxb5 49. Kxf5 Ka4 50. Ke6 b5 51. f5 b4 52. f6 1-0

[Event "Barcelona Sant Marti op-A 22nd"]
[Site "Barcelona"]
[Date "2022.07.20"]
[Round "8"]
[White "Greeshma, Anand Dhumal"]
[Black "Nambiar, Vivek"]
[Result "0-1"]
[WhiteElo "1749"]
[BlackElo "1870"]
[PlyCount "68"]
[EventDate "2022.07.13"]
[EventType "swiss"]
[EventRounds "9"]
[EventCountry "ESP"]
[SourceTitle "CBM 209 Extra"]
[Source "ChessBase"]
[SourceDate "2022.09.30"]
[SourceVersion "1"]
[SourceVersionDate "2022.09.30"]
[SourceQuality "1"]

1. d4 e6 2. c4 c5 3. d5 exd5 4. cxd5 d6 5. e4 g6 6. Bd2 Bg7 7. Bc3 Nf6 8. Nd2 0-0 9. Bd3 Re8 10. Ne2 Nbd7 11. 0-0 Ne5 12. Bc2 b5 13. a3 Bg4 14. f3 Bd7 15. h3 b4 16. axb4 cxb4 17. Bd4 Bb5 18. Ba4 Qd7 19. Bxe5 Rxe5 20. Nd4 Bxa4 21. Qxa4 a5 22. Nc6 Rg5 23. Kh2 Nh5 24. h4 Rg3 25. Rfb1 Bh6 26. Nf1 Rxf3 27. gxf3 Nf4 28. Qc2 Qh3+ 29. Kg1 Qxf3 30. Ng3 Qxg3+ 31. Kf1 Qf3+ 32. Qf2 Qd3+ 33. Ke1 Qxe4+ 34. Kf1 Qd3+ 0-1

[Event "Chennai op 12th"]
[Site "Chennai"]
[Date "2020.01.19"]
[Round "2"]
[White "Nambiar, Vivek"]
[Black "Visakh, Narayanan Rajeswari"]
[Result "0-1"]
[WhiteElo "1980"]
[BlackElo "2518"]
[PlyCount "36"]
[EventDate "2020.01.18"]
[EventType "swiss"]
[EventRounds "10"]
[EventCountry "IND"]
[SourceTitle "CBM 194 Extra"]
[Source "ChessBase"]
[SourceDate "2020.03.31"]
[SourceVersion "1"]
[SourceVersionDate "2020.03.31"]
[SourceQuality "1"]

1. d4 Nf6 2. c4 e6 3. Nc3 Bb4 4. e3 0-0 5. Bd3 d5 6. Nf3 dxc4 7. Bxc4 c5 8. 0-0 Nbd7 9. a3 Bxc3 10. bxc3 Qc7 11. Qe2 b6 12. Bd3 e5 13. e4 Bb7 14. dxe5 Ng4 15. Bf4 Ndxe5 16. Nxe5 Nxe5 17. Bg3 Qe7 18. Bc2 Kh8 0-1

[Event "Commonwealth-ch"]
[Site "Mumbai"]
[Date "2004.01.16"]
[Round "7"]
[White "Himanshu, Sharma"]
[Black "Nambiar, Vivek"]
[Result "1-0"]
[WhiteElo "2380"]
[BlackElo "2180"]
[PlyCount "87"]
[EventDate "2004.01.10"]
[EventType "swiss"]
[EventRounds "9"]
[EventCountry "IND"]
[SourceTitle "EXT 2006"]
[Source "ChessBase"]
[SourceDate "2005.11.24"]
[SourceVersion "1"]
[SourceVersionDate "2005.11.24"]
[SourceQuality "1"]

1. d4 d5 2. c4 c6 3. Nf3 Nf6 4. e3 Bf5 5. Qb3 Qb6 6. Qxb6 axb6 7. Nc3 e6 8. Nh4 Bg6 9. Nxg6 hxg6 10. Bd3 Na6 11. 0-0 Bd6 12. g3 Ng4 13. h4 f5 14. Kg2 Nf6 15. Bd2 Nb4 16. Be2 c5 17. a3 Na6 18. cxd5 Nxd5 19. Nxd5 exd5 20. Rac1 cxd4 21. exd4 Nc7 22. Rc3 Kd7 23. Rb3 Rhe8 24. Bd3 b5 25. h5 gxh5 26. Bxf5+ Kc6 27. Bg6 Rh8 28. Rc1+ Kb6 29. Rh1 h4 30. Rxh4 Rxh4 31. gxh4 Ne6 32. Bf7 Nxd4 33. Be3 Bc5 34. Rd3 Nc6 35. Bxc5+ Kxc5 36. Rxd5+ Kb6 37. Rg5 b4 38. axb4 Nxb4 39. Bc4 Nc6 40. Rxg7 Ne5 41. Bd5 Kc5 42. Bxb7 Ra2 43. h5 Rxb2 44. h6 1-0

[Event "Lindsborg Rotary op"]
[Site "Lindsborg"]
[Date "2002.12.19"]
[Round "3"]
[White "Nambiar, Vivek"]
[Black "Baginskaite, Camilla"]
[Result "0-1"]
[WhiteElo "2246"]
[BlackElo "2365"]
[PlyCount "106"]
[EventDate "2002.12.17"]
[EventType "swiss"]
[EventRounds "9"]
[EventCountry "USA"]
[SourceTitle "CBM 091 Extra"]
[Source "ChessBase"]
[SourceDate "2003.01.09"]
[SourceVersion "1"]
[SourceVersionDate "2003.01.09"]
[SourceQuality "1"]

1. Nf3 d5 2. c4 e6 3. b3 c5 4. g3 Nc6 5. cxd5 exd5 6. d4 Qb6 7. Bb2 cxd4 8. Bg2 Bb4+ 9. Kf1 Bc5 10. Ne1 Nf6 11. Nd3 Bd6 12. Nd2 0-0 13. Rc1 Bf5 14. Nf3 Ne4 15. Rxc6 bxc6 16. Nxd4 Bg6 17. e3 Qa6 18. Kg1 c5 19. Ne2 Nxg3 20. hxg3 Qxd3 21. Qxd3 Bxd3 22. Nc3 d4 23. Ne4 Be7 24. exd4 cxd4 25. Bxd4 Rad8 26. Bxa7 Bxe4 27. Bxe4 Rd1+ 28. Kg2 Rxh1 29. Kxh1 Rd8 30. a4 Bb4 31. Bb6 Rd2 32. Kg2 Kf8 33. Kf3 Ke7 34. Be3 Rd7 35. Ke2 g6 36. Bd3 f6 37. Bb5 Rc7 38. Bc4 g5 39. Bb6 Rc8 40. a5 Kd6 41. a6 h5 42. Bd4 Rf8 43. a7 Bc5 44. Bxf6 g4 45. a8Q Rxa8 46. b4 Bxf2 47. Kxf2 Rf8 48. Bb5 Rxf6+ 49. Kg2 Kc7 50. Bc4 Kb6 51. Bd3 Rd6 52. Bf1 Rd2+ 53. Kg1 Rb2 0-1

[Event "Linklater Memorial 6th"]
[Site "San Francisco"]
[Date "2002.04.08"]
[Round "6"]
[White "Nambiar, Vivek"]
[Black "Lobo, Richard"]
[Result "0-1"]
[WhiteElo "2203"]
[BlackElo "2282"]
[PlyCount "98"]
[EventDate "2002.04.02"]
[EventType "tourn"]
[EventRounds "11"]
[EventCountry "USA"]
[EventCategory "4"]
[SourceTitle "EXT 2003"]
[Source "ChessBase"]
[SourceDate "2002.11.25"]
[SourceVersion "1"]
[SourceVersionDate "2002.11.25"]
[SourceQuality "1"]

1. Nf3 Nf6 2. c4 e6 3. g3 b6 4. Bg2 Bb7 5. 0-0 c5 6. b3 d6 7. Bb2 Be7 8. e3 Nbd7 9. Nc3 a6 10. Qe2 0-0 11. Rfd1 Re8 12. d4 cxd4 13. Nxd4 Bxg2 14. Kxg2 Qc7 15. e4 Bf8 16. Rac1 Qb7 17. f3 Rad8 18. Kg1 Ne5 19. Nc2 d5 20. Na4 Ng6 21. e5 Nd7 22. Bd4 dxc4 23. bxc4 Qc6 24. Nc3 Rc8 25. f4 Qxc4 26. Qxc4 Rxc4 27. Ne3 Rc6 28. Ne4 Rec8 29. Rxc6 Rxc6 30. Kf2 b5 31. Ke2 Ne7 32. g4 Ng6 33. Kf3 Be7 34. Bb2 Rc7 35. Nd6 Kf8 36. Ba3 f6 37. exf6 gxf6 38. f5 exf5 39. gxf5 Nge5+ 40. Ke2 Rc6 41. Rd2 Nb6 42. Ng2 Nbc4 43. Nxc4 Rxc4 44. Bxe7+ Kxe7 45. Ne3 Re4 46. Kf2 Rxe3 47. Kxe3 Nc4+ 48. Kd3 Nxd2 49. Kxd2 Kd6 0-1